[Event "Tata Steel-A 79th"]
[Site "Wijk aan Zee"]
[Date "2017.01.17"]
[Round "4"]
[White "Giri, Anish"]
[Black "Andreikin, Dmitry"]
[Result "1/2-1/2"]
[WhiteElo "2773"]
[BlackElo "2736"]
[Annotator "Giri,A"]
[PlyCount "81"]
[EventDate "2017.01.14"]
[EventType "tourn"]
[EventRounds "13"]
[EventCountry "NED"]
[EventCategory "21"]
[SourceTitle "CBM 177"]
[Source "ChessBase"]
[SourceDate "2017.03.16"]
[SourceVersion "1"]
[SourceVersionDate "2017.03.16"]
[SourceQuality "1"]

{I had been off to a slow start and before this game I was mentally prepared
to finally get things going.} 1. e4 e5 2. Nf3 Nc6 3. d4 {One of the most
aggressive weapons in my repertoire. Against the Spanish Dmitry employs the
ever-solid Berlin Defence.} exd4 4. Nxd4 Qf6 $5 {a rare line that Dmitry
previously has never employed. The main point of the variation is that Black
often transposes to 4...Bc5 line (after 5.Nxc6 Bc5!? or 5.Be3 Bc5), having
avoided some extra options. Needless to say, this move order gives White other
options, one of which I played in the game.} 5. Nf3 $5 {You don't have to be
Einstein to realize that 5.Nb5 is the most challenging move. This timid move
has some point too. White just wants to finish his development and it is to be
seen whether the queen on f6 is in fact so well placed.} Bb4+ $5 {Taking away
the c3-square from the knight. A good move, that my opponent most likely found
over the board.} 6. c3 Bc5 7. Be2 d6 8. O-O Nge7 {Black develops in the most
logical way. In view of what happened in the game, there is also something to
be said for h6 or a6(5) on this move or on the previous one, besides other
possible alternatives.} (8... a6 9. Nbd2 Qe7) 9. b4 Bb6 10. Bg5 $1 {The most
challenging move.} Qg6 11. Bh4 $1 (11. Nbd2 {is natural but is well met with}
Bh3 $1 {fortunately I had seen this motif before, otherwise I am afraid it's
pretty easy to miss it.}) 11... Qh6 $6 {This felt dubious. It wasn't that easy
to find a move for Black, as 0-0 fails to b5!, but I am sure it is possible to
find one that is better than ...Qh6.} 12. Nbd2 Ng6 (12... Ne5 13. Nxe5 dxe5 14.
Nf3 {looks nice for White.}) 13. Bg3 $1 {An important move. Now it becomes
clear that White has emerged with something of an opening advantage.} (13. Bg5
Qh5 14. Nc4 {was tempting but then it turns out that after} Bg4 {it's not easy
for White to get rid of the unpleasant pin.}) 13... O-O (13... Nce5 {was what
I had expected. At least Black wouldn't have any huge structural problems here.
Still, after for example} 14. a4 a6 15. Nxe5 Nxe5 16. a5 Ba7 17. Kh1 O-O 18. f4
{White is having a good time.}) 14. a4 a5 (14... a6 15. Nc4 Ba7 {doesn't avoid
structural weaknesses-} 16. b5 $1 Nce7 17. b6 $1 {and White is obviously on
top.}) 15. Nc4 axb4 16. cxb4 Nf4 {Giving pup the bishop on b6 is a sign of
things having gone quite badly wrong; still Black remains reasonably solid and
stays in the game.} 17. Nxb6 cxb6 18. Bb5 {There are various ways to play, but
what I did makes sense.} Bg4 19. Qc1 {Here I went for the position with only
major pieces on the board, which seemed extremely promising to me.} Bxf3 20.
gxf3 g5 21. Bxf4 gxf4 22. Bxc6 Rfc8 23. b5 $6 {Although I felt it was better
to have more open files, considering the potential attack on the black king,
but it seems that it was better to play without including this.} (23. Kh1 $1
Rxc6 24. Qb2 Rac8 25. Rg1+ Kf8 26. Rad1 {With the king coming to e7 I was
under the impression that it is better to have the b-file open, but it seems
that ...Ke7 can anyway be met with e5! and the weak b6 pawn is a target for
the future as well.} Rc3 27. Rd3 $1) 23... bxc6 24. bxc6 Ra5 $1 25. Kh1 Rc5 26.
Qb2 R8xc6 27. Rg1+ Kf8 {So far both sides have played very logical moves. Here
comes my idea:} 28. a5 $5 {It was only after I made this move that I saw that
Black can force a draw here. Nevertheless it is probably the best shot by now.}
Qh3 29. axb6 Qxf3+ 30. Rg2 {It is important that 30...Rg5 fails here to Qh8+
and Ra7+, that's why it was important to take on b6 and not play 29.a6!.} Ra5
$2 {A clever resource, but there was a better one.} (30... Ke7 $1 {I thought
once we reached this position this move would no longer be hard to find, but
for some reason it escaped the attention of my opponent.}) 31. b7 Rxa1+ 32.
Qxa1 Rb6 33. h4 $1 {I took quite some time here, choosing between this and 33.
h3. At the end of the game I lacked some time, so in hindsight it was not a
good decision. Still, if 33.h3 were the way, it would have been a pity not to
have given it a thought. Chess can be a complicated game!} (33. h3 Qxh3+ (33...
Qb3 34. Qa8+ Ke7 35. Kh2 Qb2 $5 (35... Rxb7 36. Rg8 {White wins.}) 36. Rg8 $3
Qxf2+ 37. Rg2 {is a beautiful finish.}) 34. Kg1 Qh5 $1 {is the most
straightforward way to draw.} (34... Qb3 {loses-} 35. Qa8+ Ke7 36. Rg8 Qd1+ 37.
Kg2 f3+ 38. Kh2) 35. b8=Q+ Rxb8 36. Qh8+ Ke7 37. Qxb8 Qd1+ 38. Kh2 Qh5+ {
with a perpetual.}) 33... Qb3 34. Kh2 {I assumed 34...Rxb7 would lose to Qf6,
so felt that 34.Kh2 was anyway a better way to start.} (34. Qa8+ Ke7 35. Kh2 {
is another critical path. Now Black's only chance is} Qb2 $1 (35... Rxb7 36.
Rg8 {is lights out-} Qb6 37. Kg2 $1 {the most precise, eventually White's
attack will decide.}) 36. e5 $3 dxe5 37. f3 $1 {and now the machine spits out
an insane variation, where Black, as it seems is holding-} Qb4 38. Re2 Qd6 39.
Qc8 $1 h5 40. Qc3 Rb5 41. Rb2 Rxb2+ 42. Qxb2 Qb8 43. Qb3 $1 f6 44. Qb5 Kd6 45.
Qb6+ Ke7 46. Qc6 Qa7 {and Black holds suddenly.}) 34... Rxb7 $6 (34... Ke7 {
is now met with} 35. e5 $1) (34... Qb2 $1 35. Qa8+ Ke7 {transpose to the line
discussed above, in which Black seems to be holding.}) 35. Qf6 Qb6 $1 36. f3 $6
{A human way to play.} (36. Rg4 $3 {is insane!} Qxf2+ (36... d5 $1 {offers
some good survival chances.}) 37. Rg2 Qb6 38. Rc2 Rb8 39. e5 $1 {and White
wins.}) 36... Rb8 $2 {This felt wrong, but unfortunately having less than a
minute on the clock I missed a pretty chance.} (36... Qc7 $1 {in fact holds.}
37. h5 {can be met with} Rb5 $1) 37. Rd2 $2 (37. e5 $1 {this only works due to
the fact that the rook on b8 is vulnerable after ...dxe5 Qh8+ ...Ke7 Qxe5+.} d5
38. e6 $1 Qxe6 39. Qh8+ {wins a rook.}) 37... Re8 38. Qh6+ $2 {Now I thought
the idea of e5 wins, but I missed the defence:} (38. Rb2 $1 Qc7 39. Qh6+ Ke7
40. Qxh7 {keeps excellent winning chances.}) 38... Ke7 39. e5 Rg8 $1 {Now it's
just a draw. The king is going to be safe on d7 after exd6 while White has to
defend against the nasty threat of ...Qg1+. There is nothing better than just
trading down to a simple rook ending.} 40. Qxd6+ Qxd6 41. exd6+ 1/2-1/2

[Event "ISR-ch"]
[Site "Tel Aviv"]
[Date "2002.12.01"]
[Round "7"]
[White "Smirin, Ilia"]
[Black "Gofshtein, Leonid D"]
[Result "1/2-1/2"]
[WhiteElo "2683"]
[BlackElo "2519"]
[Annotator "Gofshtein,L"]
[PlyCount "101"]
[EventDate "2002.11.24"]
[EventType "swiss"]
[EventRounds "9"]
[EventCountry "ISR"]
[SourceTitle "CBM 093"]
[Source "ChessBase"]
[SourceDate "2003.04.01"]
[SourceVersion "1"]
[SourceVersionDate "2003.04.01"]
[SourceQuality "1"]

1. e4 e5 2. Nf3 Nc6 3. d4 exd4 4. Nxd4 Bc5 5. Nxc6 Qf6 6. Qd2 dxc6 7. Nc3 Bd7
8. Bd3 O-O-O (8... Nh6 $5 9. h3 O-O-O 10. Qf4 Qe7 11. Be3 f6 12. Bxc5 Qxc5 13.
O-O-O Nf7 14. Rhe1 $14 {1/2-1/2 Tiviakov,S-Flear,G/Port Erin IOM 2001/The Week
in Chess 361 (47)}) 9. O-O $146 {[%mdl 8]} (9. Na4 Bd6 10. Qa5 Qd4 11. O-O (11.
Bd2 b5 12. Nc3 Qb6 13. Qxb6 cxb6 14. f4 (14. O-O-O Ne7 15. f4 b4 16. Ne2 f6 17.
h3 c5 $132 {0-1 Horvath,A-Mikhalchishin,A/Leipzig GER 2002/The Week in Chess
391 (42)}) 14... b4 15. Ne2 f6 16. O-O Ne7 $132 {1/2-1/2 Grosar,A-Mikac,M/Bled
SLO 2002/The Week in Chess 400 (24)}) 11... c5 12. Nc3 Kb8 13. Nb5 Bxb5 14.
Qxb5 Ne7 15. Be3 Qb4 $132 16. f4 f6 17. Qxb4 cxb4 {1/2-1/2 Pavasovic,
D-Jakubovic,N/Pula 2000/CBM 77 (28)}) 9... h6 $5 10. Qe2 g5 $6 (10... Qe5 $5
11. Be3 Nf6 12. h3 Rhe8 $132) 11. Be3 Qe5 12. Kh1 Bxe3 (12... Ne7 13. f4 gxf4
14. Bxf4 Qg7 $132) 13. Qxe3 Kb8 14. f4 gxf4 15. Qxf4 {White is offering trade
of queen, trying to use pawn majority over the kingside in the ending;} Qxf4
16. Rxf4 {[%mdl 4096]} Be6 17. Ne2 c5 $5 {Black is trying to achieve some
counterplay over the queenside, counterbalancing it to white's pressure over
the kingside;} 18. b3 Ne7 19. Rf6 Ng6 {[%cal Yg6e5,Yg6f4] The idea is to
prevent white's Ne2-f4 move;} 20. h3 c6 $5 {[%cal Yb8c7,Yc7b6,Yc7d6] Clearing
path for the king;} 21. Raf1 a5 {[%cal Ra5a4,Ra4b3,Rd8d3] Black intends a5-a4
looking for targets over the queenside;} 22. Nf4 Nxf4 23. R1xf4 a4 24. Rf3 {
defending against 24...ab 25.ab Bb3} Kc7 {[%cal Rc7d6,Rd6e5,Rc7b6,Rb6a5] Black
has two pathes for his king:Kc7-d6-e5 or Kc7-b6-a5;} 25. Bc4 $6 {White allows
black to enter his rook inside of white's position; 25.e5 would keep chances
mutual;} (25. e5 $5 Rd5 26. Re3 Kd7 $132) 25... Rd2 $5 26. Bxe6 fxe6 {This is
hard to give exact evaluation here, but in my opinion black chances are better
thanks to active rook d2, and better position of black king;} 27. Rf7+ {
Also in case of 27.Rxe6 black keeps better chances as it's proved below:} (27.
Rxe6 Rxc2 28. bxa4 Rg8 (28... Rxa2 29. Re7+ Kd6 30. Rxb7 Rxa4 $11) 29. Rf7+ Kb6
30. Ree7 c4 31. Rxb7+ Kc5 $36) 27... Kb6 28. bxa4 (28. Rf2 Rhd8 29. bxa4 c4 30.
c3 Rxf2 31. Rxf2 Rd3 $36) 28... c4 29. a5+ (29. c3 Rg8 (29... Rxa2) 30. Rf2)
29... Ka6 30. c3 (30. Rc3 Rg8 31. g4 Rgd8 32. Rxc4 Re2 33. Kg1 Rd1+ 34. Rf1
Rdd2 $36) 30... Rxa2 (30... Rg8 31. Rf2 Rxf2 32. Rxf2 Kxa5 33. g4 $13) 31. Rg7
{preventing 31...Rg8 move simply;} (31. R3f6 Rg8 32. Rxh6 Rgxg2 $36) 31... Rxa5
32. Rff7 Rb5 33. Kh2 Rb3 34. Re7 h5 {After 34...Rc3 35.Rb7 white gets some
counterplay thanks to vulnerable position of black king;} (34... Rxc3 $6 35.
Rxb7 Re3 36. Rb1 $132) 35. h4 {Mutual zugzwang!!} e5 {Black is trying to
devert white rook from 7th rank;} (35... Rh6 $5) (35... Rxc3 36. Rxb7 Re3 37.
Rb1 Rxe4 38. Rgb7 $132) (35... b5 36. Rxe6 Kb6 37. Rg3 b4 38. cxb4 c3 39. Re5
$132) 36. Rg3 (36. Rh7 Rxh7 37. Rxh7 Rxc3 38. Rxh5 b5 39. Rxe5 Rd3 40. h5 c3
41. h6 Kb6 42. h7 Rd8 $19) 36... Rd8 37. Rxe5 Rd3 38. Rxh5 Rbxc3 39. Rxd3 (39.
Rg6 Rd4 40. Re5 Re3 41. h5 Rexe4 42. Rxe4 Rxe4 43. Kg3 c3 $19) 39... Rxd3 40.
Rf5 (40. Rh8 c3 41. Ra8+ Kb5 42. Ra1 Kc4 $19) 40... b5 $5 41. h5 (41. g4 c3 $19
) 41... b4 $5 (41... c3 $5 42. h6 Rd7 43. Rf1 (43. Rc5 b4 44. Rxc6+ Kb5 45. Rc8
Rh7 46. Kg3 Rxh6 $19) 43... Rh7 $19) 42. Rc5 c3 43. Rxc6+ Kb5 $5 {In case of
43...Kb7 black escapes as it's proved in following line;} (43... Kb7 $2 44. Rc4
b3 45. Rb4+ Kc6 46. Rxb3 c2 47. Rxd3 c1=Q $11) 44. Rc8 Rd4 $1 {Decisive
mistake- black is winning now;} 45. Kg3 (45. g4 Rxe4 (45... Rc4 46. Rxc4 Kxc4
47. h6 c2 48. h7 c1=Q 49. h8=Q Qc2+ 50. Kg1 b3 $19) 46. Kg3 Rc4 47. Rxc4 Kxc4
48. h6 c2 49. h7 c1=Q 50. h8=Q Qc3+ $19) 45... Rxe4 $6 {This makes black more
difficult to reach the win, while 45...Rc4 would kill white at once;} (45...
Rc4 $19 46. Rxc4 Kxc4 47. h6 c2 48. h7 c1=Q 49. h8=Q Qc3+ 50. Qxc3+ bxc3 $19 {
[%cal Gc3c2,Gc2c1]}) 46. h6 Re7 47. Kf4 Rf7+ 48. Kg5 Rf2 49. g4 (49. h7 Rxg2+
50. Kf6 Rh2 51. Kg7 Ka4 $19) 49... c2 $4 {And again black could win the game
by 49...Rh2, but....} (49... Rh2 $1 50. Kg6 c2 51. g5 b3 52. h7 (52. Kh7 Kb4
53. g6 b2 54. Rb8+ Kc3 55. Rc8+ Kd4 56. Rd8+ Ke4 57. g7 c1=Q $19) 52... Rh1 53.
Rb8+ Ka4 54. Ra8+ Kb4 55. Rb8+ Ka3 $19) 50. h7 Rh2 51. Rxc2 $11 1/2-1/2

[Event "Biel MTO op"]
[Site "Biel"]
[Date "2005.07.26"]
[Round "8"]
[White "Tseshkovsky, Vitaly"]
[Black "Golod, Vitali"]
[Result "1/2-1/2"]
[WhiteElo "2599"]
[BlackElo "2582"]
[Annotator "Golod,V"]
[PlyCount "146"]
[EventDate "2005.07.18"]
[EventType "swiss"]
[EventRounds "11"]
[EventCountry "SUI"]
[SourceTitle "CBM 107 Extra"]
[Source "ChessBase"]
[SourceDate "2005.09.01"]
[SourceVersion "1"]
[SourceVersionDate "2005.09.01"]
[SourceQuality "1"]

1. e4 e5 2. Nf3 Nc6 3. d4 exd4 4. Nxd4 Bb4+ 5. c3 Bc5 {This line was
frequently played by GM Anthony Miles.} 6. Be3 {My opponent spent 44 minutes
on the first 6 moves only!} ({The main alternative in this position:} 6. Nxc6
$5 {You can see comments to Bacrot,E-Fontaine,R/Aix les Bains,2003/CBM 097(1/
2-1/2)(Postny,E)(59)}) 6... Bb6 7. Nf5 $5 {It's one of numerous options in
this position.} Bxe3 ({On:} 7... Qf6 {You can find four games in Mega DataBase
2005.}) 8. Nxe3 Nf6 $2 {An unsuccessful move.} (8... Nge7 $5 9. Be2 d6 10. O-O
O-O 11. Nd2 Kh8 12. Nf3 f5 $11 {Popescu,D-Urzica,A/Tusnad,2000(1/2-1/2)(15)}) (
8... d6 $5 9. c4 Nge7 10. Nc3 O-O 11. Be2 f5 12. exf5 Nxf5 13. Nxf5 Bxf5 14.
O-O Qg5 15. f4 Qf6 16. Bf3 Kh8 $11 {Savic,M-Stefanova,A/Jahorina,2003(1-0)(52)}
) 9. f3 $1 {[%csl Ye3][%cal Yc3c4,Yb1c3] White plans to grab the center with:
"c4, Nc3". Also, his other knight is positioned very well "e3" , which allows
the full control over "d5".} ({Otherwise, White can't rely on the opening
advantage. For example:} 9. Nd2 d5 $1 10. Bb5 O-O 11. Bxc6 bxc6 12. exd5 cxd5
13. Nb3 Qd6 14. Qd4 Rb8 15. O-O Rb6 $11 {Fontaine,R-Godena,M/France,2000(1/2-1/
2)(45)}) 9... O-O 10. c4 {[%mdl 16]} Ne5 $146 {According to my database it's a
novelty. In previous games Black chose three times 10...d6 and once 10...Qe7,
however could not receive equality.} (10... Nxe4 $2 11. fxe4 Qh4+ 12. Kd2 Qxe4
13. Nd5 $1 $16) 11. Nc3 d6 {I spent quite a lot of time thinking about this
move, but couldn't find anything besides the plan to push "b5" pawn. My idea
to force a opponent to play "a4" and then blockade the queenside with "a5".} ({
Hardly it was better:} 11... c6 12. Qd4 (12. Qd6 $143 Qb6 $132 {[%csl Rb2,Gb6,
Re3]}) 12... Re8 13. O-O-O $5 $14) 12. Be2 $14 a6 13. Qd2 Bd7 14. O-O Rb8 {
[%cal Gb7b5]} 15. a4 $1 ({Leads to favourable simplifications for Black:} 15.
Rac1 $6 b5 16. cxb5 axb5 17. b4 Re8 {+/=/=}) 15... a5 {I got my wish, but it
didn't make my position better for me :)} 16. Rad1 b6 17. Ned5 {The game of
Vitaly Tseshkovsky corresponds to the requirements of the position.} Bc6 18. f4
({After the careless:} 18. Nb5 $2 {I can exchange all of my opponent's knights:
} Bxb5 $1 19. Nxf6+ Qxf6 20. cxb5 Nd7 $11 {[%csl Yd7][%cal Yd7c5]}) 18... Ng6 {
I have to remove my knight from the "e5" point, otherwise, White will begin a
decisive pawns attack in the center:} (18... Ned7 $143 19. e5 $1 dxe5 20. fxe5
Nxd5 (20... Nxe5 21. Nxf6+ (21. Rxf6 $5 gxf6 22. Qh6 Ng6 23. Rf1 $40 (23. Ne4
$2 Bxd5 24. Rxd5 Qe7 25. Rh5 Rfd8 26. Qxh7+ Kf8 27. Qh6+ Kg8 (27... Ke8 $6 28.
Qe3 $40 Kf8 $140 $2 29. Rh8+ $1 {[%csl Rf6,Rf8][%cal Ge3h6]}) 28. Qh7+ Kf8 $11)
23... f5 24. Rxf5 Bxd5 25. Nxd5 f6 26. Bh5 $16) 21... gxf6 22. Qh6 Qe7 23. Rf5
{/\Rh5 +/-}) 21. cxd5 Bb7 22. Qf4 $1 (22. e6 $143 Nf6 23. exf7+ Rxf7 24. Bc4
$14) 22... Qe7 $140 23. d6 $16) 19. Bd3 $1 Nd7 $140 20. Bc2 {All of white's
pieces are located ideally.} Re8 21. Qf2 $16 {My position gradually is getting
worse.} Bxd5 22. cxd5 Nc5 23. Rde1 c6 $1 {Otherwise, the white knight will
sooner or later get to my weakest spot "c6".} 24. dxc6 Rc8 25. Rd1 {A bit an
indecisive continuation. It was better to immediately begin active measures on
the kingside:} (25. f5 $5 Ne5 $140 26. f6 $40 (26. Nd5 $6 Ncd3 27. c7 Rxc7 28.
Bxd3 Nxd3 29. Qxb6 Rc2 30. Qxd8 Rxd8 $132)) (25. Nd5 $5 Rxc6 26. f5 Ne5 27. f6
$40) 25... Rxc6 26. Qg3 Kh8 27. Rd2 Qf6 28. Qg4 {White is gradually
positioning his pieces in better positions. Only the upcoming zeitnot might
save me :)} h6 29. g3 Ne7 30. Qh5 Ng8 31. e5 $6 $138 {I was very happy to get
rid of my "d6" weakness.} (31. Rfd1 $5 $16) 31... dxe5 32. fxe5 Qxe5 33. Qxe5 (
33. Qxf7 $6 Rf6 34. Rxf6 Nxf6 $11) 33... Rxe5 34. Rxf7 $14 Re8 {I didn't want
to let my opponent play this move: "Rd8" and then knight can go to "f6".} 35.
Kg2 Nf6 36. h3 Kg8 37. Ra7 Rec8 (37... Rcc8 $5 {/\Rcd8 <->d}) 38. Bg6 Ne6 39.
Bf5 Re8 40. Re2 Kf8 $138 {The last time trouble move.} (40... Nc5 41. Rxe8+
Nxe8 42. Nd5 Kf8 $14) 41. Bg6 Rd8 42. Nb5 Ng5 $5 {Black had no other worthy
alternative:} (42... Rd7 $6 43. Ra8+ Nd8 $8 (43... Ke7 $4 44. Na7 $1 {[%csl
Rc6,Re7][%cal Ga7c8,Ga7c6]}) 44. Rf2 {+/=/+/-}) 43. h4 $140 Re6 $1 ({It was
strange to go back with the knight:} 43... Ne6 $2 44. Rf7+ Kg8 45. Re7 Nc5 46.
g4 $36 {[%csl Rg8][%cal Gg4g5]}) 44. Rc2 $6 {Amazingly, White cannot go for
anything serious now:} (44. hxg5 $5 Rxe2+ 45. Kf3 Rxb2 $1 (45... Re7 $2 46.
gxf6 Rxa7 47. Nxa7 Rd2 (47... gxf6 $143 48. Nb5 $16) 48. fxg7+ Kxg7 49. Be8
Rxb2 50. Bb5 {+/=/+/-}) 46. gxf6 gxf6 (46... Rb3+ $2 47. Kg4 (47. Kg2 $5) 47...
Rb4+ 48. Kh3 gxf6 49. Nc7 Rd6 50. Bf5 {[%csl Rf8][%cal Gc7e6]}) 47. Rf7+ Kg8
48. Rxf6 Rf8 49. Bh7+ Kg7 50. Rxf8 Kxf8 $11) (44. Nc3 Rxe2+ 45. Nxe2 Ne6 $11) {
[%tqu "En","Find the best continuation for Black?","","","g5e4","It's
discrepancy, which allows to receive a big positional advantage for contender.
",0,"f6g4","",10]} 44... Nge4 $2 {It's a discrepancy, which allows my opponent
to gain a big positional advantage.} (44... Ng4 $1 {[%csl Rc2,Rg2,Rg6][%cal
Gg4e3]} 45. hxg5 $8 Rxg6 46. Re2 (46. Rcc7 $143 Rxg5 47. Nd4 Re8 $15) 46...
Rxg5 (46... h5 47. Rb7 $11) 47. Nc7 Kg8 48. Ne6 Re8 49. Rb7 $11) 45. Rf7+ $1 {
White has calculated all consequences of this move precisely.} (45. Kh3 $143
Nc5 46. Rf7+ Kg8 47. Rc7 Kf8 $14) 45... Kg8 $140 46. Rfc7 (46. Rcc7 $4 Rd2+ 47.
Kg1 $140 (47. Kf3 Rf2+ 48. Ke3 Nd5+ 49. Kd4 Rd2+) 47... Ne8 $1 $19 {[%csl Rc7,
Rg6][%cal Ge6g6,Ge8c7]}) 46... Kf8 47. Rc8 $1 $16 {White has broken through my
defense.} Rxc8 48. Rxc8+ Ke7 $8 (48... Ne8 $4 49. Nc7 Rxg6 50. Rxe8+ Kf7 51.
Rxe4 $18) 49. Nd4 {I completely missed this idea. I was very lucky to find a
defense.} (49. Rc7+ $5 Kd8 50. Rxg7 $16) 49... Re5 $8 (49... Kd7 $143 50. Nxe6
Kxc8 51. Nxg7 {with a technically won endgame}) (49... Rd6 $4 50. Nf5+) 50.
Rc7+ (50. Nc6+ $2 Kd7 51. Nxe5+ Kxc8 {+/=/=}) 50... Kd6 $8 (50... Kf8 $2 51.
Nc6 $1 Re6 $8 52. Rc8+ Ne8 53. Bf5 $18) 51. Rxg7 Kc5 {I try to make active my
king.} 52. Nf3 Rd5 53. Re7 (53. g4 $5 $16) 53... Nd2 (53... Nd6 54. Kh3 $16)
54. Ne1 Kd6 ({Immediately loses the game the following move:} 54... Nc4 $2 55.
Rc7+ Kb4 (55... Kd4 $2 56. Nf3+ Ke3 57. Rxc4) 56. Nd3+ Kb3 57. Bf7 $18) 55. Rb7
$6 (55. Rf7 $142) 55... Nc4 $2 (55... Nd7 $2 56. Be8 {קb6} Kc6 57. Rxd7 Rxd7
58. g4 Kd6 59. Bxd7 Kxd7 60. Kg3 Ke6 61. Kf4 $18) (55... Re5 $1 {Tseshkovsky,V}
56. Rxb6+ $140 Ke7 {[%csl Gd2,Re1,Ge5,Gf6,Rg2][%cal Ge5e2,Ge5e1] and I
suddenly have a chance to start an attack (R+NN) on my opponent's king.
Considering the upcoming zeitnot, that gave me some good counterchances.}) 56.
Nd3 {Now I can forget about counterplay.} (56. b3 $5 Ne3+ 57. Kf3 Kc6 58. Re7
Neg4 59. Re6+ $16) 56... Ng4 57. b3 Nd2 58. Rxb6+ Kc7 59. Re6 (59. Nf4 $2 Ne3+
60. Kf2 Kxb6 61. Kxe3 Rd6 $11) 59... Nxb3 60. Kh3 Rd4 61. Bh5 (61. Bf5 $142 h5
62. Nf4 {קh5}) (61. Be8 $142 {(קa4) /\Nf4}) 61... Rxd3 62. Bxg4 $138 Nc5 63.
Rxh6 Ne4 {My opponent missed this obvious move. He had about 2.5 mins left,
and I had around 4 minutes to finish the game.} 64. Bf5 $6 (64. h5 $1 Rxg3+ 65.
Kh4 Rg1 66. Bf3 Nd2 67. Bd5 $18) 64... Rxg3+ 65. Kh2 Re3 66. Re6 $2 ({After:} 
66. Ra6 Nd6 67. Bg6 {White kept good chances for a win.}) 66... Re2+ $4 {
I forgot that white's king can go forward.} (66... Ng3 $1 67. Rxe3 $140 Nf1+
68. Kh3 Nxe3 69. Be4 Kd6 $11 {[%csl Ra4,Yh8][%cal Yd6e7,Ye7f7,Yf7g7,Ge3d1,
Gd1c3,Gc3a4,Yg7h8]}) 67. Kg1 $4 {White did not use my mistake. Vitaly
Tseshkovsky missed his last chance to win this game.} (67. Kh3 $1 Nf2+ 68. Kg3
Rxe6 69. Bxe6 Ne4+ 70. Kf4 Nc5 71. Ke5 $18 {[%cal Gh4h5,Gh5h6,Gh6h7] and my
king can not get to the corner of "h8".}) 67... Ng3 (67... Re1+ $2 68. Kg2 Re2+
69. Kf3 $18) 68. Rxe2 (68. Rf6 $5 Ra2 {קa4} 69. Rf7+ Kd6 70. Bd7 Ne2+ 71. Kf1
Nc3 72. h5 Ne4 {/\Ng3 and the most likely result in this game is a draw.})
68... Nxe2+ 69. Kf2 Nd4 70. Bd3 Kd6 71. h5 Ke5 72. h6 Kf6 73. Ke3 (73. Bc4 $142
Kg6 74. Ke3 Nf5+ $1 75. Ke4 Nxh6 76. Kd4 Ng4 77. Kc5 Nf2 $1 $11 {[%cal Yf2e4,
Ye4c3,Yf2d1,Yd1c3,Yc3a4]}) 73... Ne6 $11 {[%csl Ra4,Yf6,Yh8][%cal Ge6c5,Gc5a4,
Yf6f7,Yf7g8,Yg8h8] Despite the mistakes the game was very interesting.} 1/2-1/2